| 000 | 00751 a2200181 4500 | ||
|---|---|---|---|
| 999 |
_c330192 _d330192 |
||
| 003 | NUST | ||
| 005 | 20170613115240.0 | ||
| 008 | 170613b xxu||||| |||| 00| 0 eng d | ||
| 040 |
_aDLC _bDLC _c0 |
||
| 082 | _a572 ZUB | ||
| 100 |
_aZubay, Geoffrey. _92537 |
||
| 245 |
_aBiochemistry _cGeoffrey Zubay |
||
| 250 | _a2nd ed. | ||
| 260 |
_aIslamabad: _bNational Book Foundation, _c1988. |
||
| 300 |
_axxix, 1266 p. : _bill. ; _c29 cm. |
||
| 500 | _aIncludes bibliographical references and index | ||
| 501 | _aH.B | ||
| 650 |
_aBiochemistry. _92455 |
||
| 942 |
_cBK _kIESE _2ddc |
||